| 000 | 01220cam a22003613a 4500 | ||
|---|---|---|---|
| 001 | 9968 | ||
| 003 | PGUSA | ||
| 005 | 20140828083218.0 | ||
| 008 | 060201s2006||||xxu|||||s|||||000 1 eng d | ||
| 040 |
_aPGUSA _beng |
||
| 042 | _adc | ||
| 050 | 4 | _aPZ | |
| 100 | 1 |
_aOxley, J. Macdonald _q(James Macdonald), _d1855-1907 |
|
| 245 | 1 | 4 |
_aThe Young Woodsman : _bOr, Life in the Forests of Canada _h[electronic resource] / _cJ. Macdonald Oxley |
| 260 |
_bProject Gutenberg, _c2006 |
||
| 506 | _aPublic domain in the USA. | ||
| 516 | _aElectronic text | ||
| 653 | _aLumber camps -- Juvenile fiction | ||
| 653 | _aFriendship -- Juvenile fiction | ||
| 653 | _aAdventure stories | ||
| 653 | _aCanada -- Juvenile fiction | ||
| 653 | _aYouth and death -- Juvenile fiction | ||
| 653 | _aHunting -- Fiction | ||
| 653 | _aYouth -- Conduct of life -- Juvenile fiction | ||
| 653 | _aChristian life -- Juvenile fiction | ||
| 653 | _aLogging -- Juvenile fiction | ||
| 653 | _aOutdoor life -- Juvenile fiction | ||
| 653 | _aMothers and sons -- Juvenile fiction | ||
| 653 | _aConduct of life -- Juvenile fiction | ||
| 830 | 0 |
_aProject Gutenberg _v9968 |
|
| 856 | 4 | 0 | _uhttp://www.gutenberg.org/ebooks/9968 |
| 942 | _cEB | ||
| 999 |
_c239224 _d239224 |
||